000 00635nam a22002052 4500
001 0000009592
005 20151217155840.0
008 081112s xx 000 0 eng d
020 _cDonation
040 _aKABU
_cKABU
100 1 _aPortsmouth, Gerard Vernon Wallop, Earl of.
_@0000161309
245 1 2 _aA Knot of roots :
_ban autobiography /
_cby the Earl of Portsmouth.
250 _a1st ed.
260 _aLondon :
_bG. Bles,
_c1965.
300 _axii, 336 p.
600 1 0 _aPortsmouth, Gerard Vernon Wallop, Earl of.
_@0000161309
908 _a081112
950 _@1
999 _c13185
_d13185